[Event "Serbia Chess Open 2021"]
[Site "Belgrade SRB"]
[Date "2021.07.03"]
[Round "3.10"]
[White "9.4 Kilgus, G."]
[Black "Asadli, Vugar"]
[Result "0-1"]
[WhiteElo "2452"]
[BlackElo "2574"]
[Annotator "Hansen"]
[PlyCount "50"]
[EventDate "2021.07.02"]
[EventType "swiss"]
[EventRounds "9"]
[EventCountry "SRB"]
[SourceTitle "CL September 2021"]
[SourceDate "2021.09.01"]
[SourceVersion "1"]
[SourceVersionDate "2021.09.01"]
[SourceQuality "1"]

{[%evp 0,50,22,17,19,19,19,24,24,11,19,26,31,15,26,23,18,16,8,9,35,36,42,36,42,
75,51,74,64,37,45,52,54,60,40,10,0,-7,12,14,14,14,6,0,63,62,54,54,34,-170,-174,
-181,-186]} 1. e4 e5 2. Nf3 Nc6 3. Bc4 Nf6 4. d3 h6 5. O-O d6 6. a4 g5 7. Nc3
Bg7 8. a5 a6 9. d4 Nxe4 10. Nxe4 d5 11. Nxe5 dxc4 12. Nxc6 bxc6 13. c3 O-O 14.
f4 Bf5 15. Nc5 g4 16. Qe2 Qd5 17. Ra4 Rfe8 18. Qxc4 Qxc4 19. Rxc4 Re2 20. Rf2
Re1+ 21. Rf1 Rae8 22. Bd2 R1e2 23. Rf2 Bf8 24. Ra4 {[#]} (24. b3 Bd6 25. g3 f6
26. Ra4 Bxc5 27. dxc5 Bd3 28. Rd4 Rxf2 29. Kxf2 Re2+ 30. Kf1 (30. Kg1) 30...
Rxd2+ 31. Ke1 Re2+ 32. Kd1 Bb5 33. c4 Bxc4 34. bxc4 Rxh2 35. Rd7) 24... Bxc5 $1
25. dxc5 Bd3 $1 {White resigned as he loses material.} ({For instance,} 25...
Bd3 26. Rxe2 ({loses a piece after} 26. g3 Rxf2 27. Kxf2 Re2+ {or}) (26. Bc1 {
allows} Re1+ {with mate}) 26... Rxe2 {and the bishop is out of good squares
and will be lost.}) 0-1

[Event "TCh-FRA Top 12 2021"]
[Site "Chalons en Champagne FRA"]
[Date "2021.07.03"]
[Round "10.3"]
[White "9.5 Apicella, M."]
[Black "Bluebaum, M."]
[Result "0-1"]
[WhiteElo "2506"]
[BlackElo "2669"]
[Annotator "Hansen"]
[PlyCount "46"]
[EventDate "2021.06.24"]
[EventType "team"]
[EventRounds "11"]
[EventCountry "FRA"]
[SourceTitle "CL September 2021"]
[SourceDate "2021.09.01"]
[SourceVersion "1"]
[SourceVersionDate "2021.09.01"]
[SourceQuality "1"]
[WhiteTeam "Grasse Echecs"]
[BlackTeam "Philidor Mulhouse"]

{[%evp 0,46,25,17,71,63,63,39,40,37,27,35,31,35,38,11,20,-2,9,20,32,-1,24,10,
17,3,2,-64,-39,-24,-37,-44,-9,-5,67,51,59,-65,-91,-161,-140,-107,-110,-126,
-131,-29991,-29992,-29993,-29994]} 1. e4 c6 2. d4 d5 3. Nc3 dxe4 4. Nxe4 Nf6 5.
Nxf6+ exf6 6. c3 Bd6 7. Nf3 O-O 8. Be2 Re8 9. O-O Nd7 10. Re1 Nf8 11. h3 Be6
12. Be3 Ng6 13. Qc2 Qd7 14. Bf1 Rad8 15. Rad1 Bb8 16. c4 Qc7 17. Bd3 Qc8 18.
Bc1 {[#]} Bxh3 $1 19. gxh3 $6 ({It would have been relatively best for White
to pull the emergency brake with} 19. Rxe8+ Rxe8 20. Re1 Rxe1+ 21. Nxe1 Bg4 {
, accepting the loss of a pawn, hoping to be able to put up a stodgy defense.})
19... Qxh3 20. Bxg6 hxg6 21. Rxe8+ (21. Rd3 {runs into} g5 $1 ({after} 21...
Bh2+ 22. Kh1 {, Black will have to retreat with the bishop to make progress,
likely transposing into the line after 21...g5!}) 22. Rde3 Rxe3 23. Rxe3 Bf4
24. Ne1 Qh2+ 25. Kf1 Bxe3 26. fxe3 Qh1+ 27. Ke2 g6 {when Black's kingside pawn
mass combined with the active queen and rook gives Black a decisive advantage.}
) 21... Rxe8 22. Re1 $2 ({An odd blunder by the French grandmaster. A better
defense was} 22. Qd3 {although Black has a relatively simple path to a winning
position with} g5 23. d5 g4 24. Ne5 Bxe5 25. Qxh3 gxh3 26. f4 Bc7 27. Kh2 cxd5
28. cxd5 Re2+ 29. Kxh3 Kf8 {and Black has a won endgame.}) 22... Bh2+ $1 {
Somehow, White must have overlooked this move.} 23. Kh1 (23. Nxh2 Rxe1+ {
ends the game promptly.}) 23... Qxf3+ {White resigned.} 0-1

[Event "74th ch-RUS HL 2021"]
[Site "Cheboksary RUS"]
[Date "2021.07.02"]
[Round "6.1"]
[White "9.6 Paravyan, D."]
[Black "Ponkratov, P."]
[Result "0-1"]
[WhiteElo "2629"]
[BlackElo "2627"]
[Annotator "Hansen"]
[PlyCount "68"]
[EventDate "2021.06.26"]
[EventType "swiss"]
[EventRounds "9"]
[EventCountry "RUS"]
[SourceTitle "CL September 2021"]
[SourceDate "2021.09.01"]
[SourceVersion "1"]
[SourceVersionDate "2021.09.01"]
[SourceQuality "1"]

{[%evp 0,68,25,24,28,6,11,32,31,35,25,28,65,17,24,24,57,45,77,48,43,45,56,56,
63,4,54,36,29,35,22,16,11,-15,-20,-202,-192,-385,-370,-453,-246,-245,-147,-176,
-187,-189,-180,-194,-175,-194,-223,-187,-127,-139,-131,-149,-137,-241,-272,
-276,-299,-297,-296,-435,-288,-1046,-815,-812,-856,-1362,-1677]} 1. d4 d5 2. c4
dxc4 3. e3 e5 4. Bxc4 Nc6 5. Nf3 e4 6. Nfd2 Qg5 7. g3 f5 8. Nc3 Bd6 9. a3 Nf6
10. b4 h5 11. h4 Qg6 12. Ne2 a6 13. Ba2 b5 14. Bb2 Ne7 15. Qc2 Bb7 16. Nc3 Ng4
17. Rf1 {[#]} Bxg3 $1 ({This is much more effective than the alternatives, for
instance,} 17... Nxe3 18. fxe3 Qxg3+ 19. Kd1 Qxe3 20. a4 Qh3 21. d5 e3 22. Qd3
{gives White excellent chances to survive.}) 18. fxg3 Nxe3 {Forking the rook
and queen while still keeping ...Qxg3+ in reserve.} 19. Qb3 Qxg3+ 20. Rf2 Ng4
21. Ncxe4 $1 {The relatively best try to muddy the waters, White gives some
material to get Black's queen off the board and safety for the king.} Qxb3 22.
Bxb3 fxe4 23. Rf7 e3 ({Black could also play} 23... Nd5 24. Rxg7 O-O-O {
when White is busted, the e3-pawn is a beast and White has holes everywhere
while the white bishop pair is irrelevant.}) 24. Nf1 Nd5 25. Rxg7 O-O-O {
Black has a decisive advantage and soon won the game.} 26. Rc1 Rd7 27. Rxd7
Kxd7 28. Rc5 Nf4 29. Bc2 Bf3 30. Bf5+ Kd8 31. Ng3 Re8 32. Bc3 Ng2+ 33. Kf1 e2+
34. Nxe2 Rxe2 0-1

[Event "34th Leon GM 2021"]
[Site "chess.com INT"]
[Date "2021.07.03"]
[Round "1.4"]
[White "9.7 Santos Latasa, J."]
[Black "Gelfand, B."]
[Result "0-1"]
[WhiteElo "2608"]
[BlackElo "2675"]
[Annotator "Hansen"]
[PlyCount "60"]
[EventDate "2021.06.30"]
[EventType "k.o. (rapid)"]
[EventRounds "2"]
[SourceTitle "CL September 2021"]
[SourceDate "2021.09.01"]
[SourceVersion "1"]
[SourceVersionDate "2021.09.01"]
[SourceQuality "1"]

{[%evp 0,60,26,24,65,22,17,15,11,28,26,22,9,10,33,33,52,55,28,28,28,23,10,9,11,
11,3,-56,24,-36,-17,-26,13,-1,9,-11,18,13,8,23,18,-21,-74,-80,-81,-110,-98,
-131,-115,-125,-148,-381,-148,-274,-281,-307,-307,-1071,-1188,-1921,-2149,
-29993,-29994]} 1. Nf3 c5 2. c4 Nc6 3. Nc3 Nf6 4. e3 e6 5. d4 d5 6. a3 dxc4 7.
Bxc4 a6 8. O-O b5 9. Bd3 Bb7 10. dxc5 Bxc5 11. b4 Bd6 12. Bb2 Ne5 13. Be2 Qb8
14. Nd2 O-O 15. f4 Ned7 16. Bf3 Rd8 17. Qe2 Nb6 18. Rad1 Be7 19. g4 Nfd5 20.
Nce4 Na4 21. Be5 Qa7 22. Rfe1 Bh4 23. g5 Bxe1 24. Rxe1 Rac8 25. Qg2 Rc2 26.
Nf6+ Nxf6 27. gxf6 g6 28. Qg5 {[#]} {White is threatening Qh6 and Qg7 mate. To
stop this, Black has to take drastic measures.} Rdxd2 $1 ({Black could try} 
28... Kh8 29. Qh6 Rg8 30. Bd6 Rcc8 31. Be5 Rcd8 32. Ne4 Bxe4 33. Bxe4 {when
Black should win but there is still work to do. What Gelfand has in mind ends
Black's resistance much faster.}) 29. Bd4 ({If} 29. Qh6 {then} Qxe3+ {forces
mate:} 30. Rxe3 Rc1+ {and it is curtains for White.}) 29... Bxf3 $1 30. Bxa7
Rxh2 {White resigned as there is mate in a few moves.} 0-1

[Event "74th ch-RUS HL 2021"]
[Site "Cheboksary RUS"]
[Date "2021.07.05"]
[Round "9.4"]
[White "9.8 Demchenko, A."]
[Black "Chigaev, M."]
[Result "0-1"]
[WhiteElo "2600"]
[BlackElo "2630"]
[Annotator "Hansen"]
[PlyCount "80"]
[EventDate "2021.06.26"]
[EventType "swiss"]
[EventRounds "9"]
[EventCountry "RUS"]
[SourceTitle "CL September 2021"]
[SourceDate "2021.09.01"]
[SourceVersion "1"]
[SourceVersionDate "2021.09.01"]
[SourceQuality "1"]

{[%evp 0,80,26,26,75,46,83,65,41,44,39,34,32,27,25,21,16,17,17,18,9,24,9,29,9,
-7,5,-1,12,58,62,64,74,59,59,35,54,38,71,78,68,69,112,91,103,104,116,134,95,89,
48,128,128,120,61,112,100,100,153,35,117,99,175,-236,-230,-230,-89,-280,-278,
-130,-161,-161,-161,-378,-397,-408,-379,-379,-396,-448,-476,-1083,-1138]} 1. e4
c5 2. Nf3 d6 3. Bb5+ Bd7 4. Bxd7+ Nxd7 5. O-O Ngf6 6. Qe2 e6 7. d4 cxd4 8. Nxd4
a6 9. c4 Rc8 10. b3 g6 11. Rd1 Bg7 12. Ba3 Qc7 13. Nc3 O-O 14. e5 dxe5 15. Bxf8
Rxf8 16. Nf3 e4 17. Nd4 Qe5 18. Rac1 h5 19. g3 Bh6 20. Rc2 h4 21. b4 hxg3 22.
hxg3 Kg7 23. c5 Rh8 24. Kg2 Bf4 25. gxf4 Qxf4 26. Qe3 Qh2+ 27. Kf1 Ne5 28. Qg3
Qh5 29. Nde2 Nfg4 30. Kg2 g5 31. Ng1 {[#]} f5 $1 ({Despite being an entire
rook down, Black has time to strengthen his attack. Note that} 31... Qh1+ 32.
Kf1 f5 33. Nxe4 Nh2+ 34. Ke2 Qxe4+ {and Black is winning.}) 32. Nxe4 fxe4 ({Or
} 32... Qh1+ 33. Kf1 Nh2+ 34. Ke2 Qxe4+ {with transposition to the
above-mentioned note.}) 33. Rcd2 e3 ({Note that} 33... Qh1+ 34. Kf1 e3 {
will lead to the same position as the the game continuation.}) 34. fxe3 Qh1+
35. Kf1 Rf8+ 36. Ke2 ({If} 36. Ke1 {then} Nf3+ $1 37. Ke2 Nxd2 38. Qxg4 Qh2+
39. Kd3 Rd8+ 40. Kc3 Nb1+ 41. Kb3 Qe5 {and Black is winning.}) 36... Rf2+ 37.
Qxf2 Nxf2 38. Kxf2 Ng4+ 39. Kg3 Nxe3 40. Rh2 Nf5+ ({White resigned. A possible
continuation was} 40... Nf5+ 41. Kh3 g4+ 42. Kxg4 Qxh2 {and Black win easily.})
0-1

[Event "74th ch-RUS HL 2021"]
[Site "Cheboksary RUS"]
[Date "2021.07.02"]
[Round "6.4"]
[White "9.9 Sarana, A."]
[Black "Kobalia, M."]
[Result "1-0"]
[WhiteElo "2640"]
[BlackElo "2596"]
[Annotator "Hansen"]
[PlyCount "57"]
[EventDate "2021.06.26"]
[EventType "swiss"]
[EventRounds "9"]
[EventCountry "RUS"]
[SourceTitle "CL September 2021"]
[SourceDate "2021.09.01"]
[SourceVersion "1"]
[SourceVersionDate "2021.09.01"]
[SourceQuality "1"]

{[%evp 0,57,26,24,26,27,25,6,40,14,45,45,43,48,25,25,25,10,62,43,54,30,28,-17,
-27,-30,-14,-14,-12,-5,-6,0,-6,2,-18,-27,15,4,5,7,25,24,18,11,29,-2,22,24,73,
93,115,133,113,227,410,401,1337,1482,1555,1585]} 1. d4 d5 2. Nf3 Nf6 3. c4 c6
4. Nc3 e6 5. e3 Nbd7 6. Bd3 dxc4 7. Bxc4 b5 8. Bd3 Bd6 9. O-O O-O 10. Qc2 Bb7
11. e4 e5 12. dxe5 Nxe5 13. Nxe5 Bxe5 14. h3 Re8 15. Be3 Bd4 16. Rae1 h6 17.
Kh2 a6 18. f4 c5 19. e5 c4 20. Bf5 Bxe3 21. Rxe3 Nd5 22. Rg3 Nxc3 23. Qxc3 Qe7
24. Rd1 Rad8 {[#]} 25. Rd6 $1 {Threatening Rxh6.} Kf8 ({Black cannot capture
on d6, for instance,} 25... Rxd6 26. exd6 Qf8 27. d7 Rd8 28. Qf6 g6 29. h4 {
threatening h4-h5 and if} Kh7 {then} 30. Rxg6 {decides.}) 26. Rxh6 $1 {Anyway!}
gxh6 27. e6 $1 {The point. Now White threatens Qh8#.} Qc7 ({Or} 27... f6 28.
Rg6 $1 {and White is winning.}) 28. Qg7+ Ke7 29. exf7 {Black resigned.} ({
A possible continuation was} 29. exf7 Rf8 30. Re3+ Be4 31. Qxh6 {(preventing
the black king from running away and, according to the engine, forcing mate)}
Rd4 32. Qe6+ Kd8 33. Qf6+ Qe7 34. Qb6+ Qc7 35. Qxd4+ {with mate in a few moves.
}) 1-0

[Event "CCCSA IM 2016"]
[Site "Charlotte USA"]
[Date "2016.03.25"]
[Round "4.3"]
[White "Canty, James H"]
[Black "Martin Del Campo C., Roberto"]
[Result "1-0"]
[WhiteElo "2353"]
[BlackElo "2360"]
[Annotator "Canty"]
[PlyCount "61"]
[EventDate "2020.??.??"]
[SourceTitle "CL September 2021"]
[SourceDate "2021.09.01"]
[SourceVersion "1"]
[SourceVersionDate "2021.09.01"]
[SourceQuality "1"]

1. e4 c5 2. c3 g6 3. d4 cxd4 4. cxd4 d5 5. Nc3 dxe4 6. Bc4 {This is a very
dangerous pawn sacrifice, played in place of the usual 6.Nxe4. My idea is to
play 7.Qb3 against almost anything Black plays, and the game becomes
incredibly tactical - something which suits me just fine!} Nf6 {Already Del
Campo burned 45 minutes on this move, after which I bashed out...} 7. Qb3 $1 {
[%csl Gf6,Gc4,Ge6][%cal Ge7e6] With the queen and bishop battery, the
f7-square is very weak, and it's easy for the unprepared to see their position
go south very quickly.} e6 8. d5 $1 {[%csl Gd5,Ge6][%cal Gf6d5] This pawn
break is the key idea in this variation, breaking open the center and relying
on quick development.} exd5 9. Nxd5 Nxd5 10. Bxd5 Qf6 {[%csl Gb5][%cal Gb3b5]
We're at a bit of a crossroads. The f7-square is defended, so now I have to
come up with something new.} 11. Qb5+ $5 {Initially the computer doesn't like
this move, but soon, it comes around. :) It's crazy how a little check like
this can disrupt Black's whole army!} Bd7 ({If Del Campo had played} 11... Nc6
{[%csl Gc6] I intended} 12. Bg5 {[%csl Gg5] with a nice trap in mind:} Qd6 $2 {
[%csl Gd6]} ({certainly not} 12... Qxg5 $4 13. Bxc6+ {[%csl Gg5][%cal Gc6e8]}
bxc6 14. Qxg5) ({while now the computer says that Black could have survived
with an intermediary move:} 12... Bb4+ $1 13. Kf1 {and only now} Qd6 14. Rd1 {
when I still have lots of tricks up my sleeve, but objectively the position is
unclear.}) 13. O-O-O $1 {and if} Qc5+ {[%cal Gb5c5]} 14. Qxc5 Bxc5 15. Bxc6+ $1
{and he can't take back due to the mate threat with Rd1-d8!}) 12. Qxb7 {
[%csl Ga8][%cal Gb7a8]} Bc5 {[%csl Gf2,Ga8]} 13. Be3 {[%csl Ge3]} Bxe3 14. fxe3
O-O {[%csl Ga8] Here I was terrified to take the rook, as the position got
really complex. Instead I played...} 15. Rc1 Bf5 16. Qxa8 {[%csl Gd7][%cal
Gb8d7]} Qxb2 17. Ne2 Bg4 {[%csl Gc1,Ge1,Gd1,Ge3][%cal Gg4e2,Gc4e2,Gb2c1,Ge2d1,
Gd1e3] A nice move, making things as difficult as possible for me.} 18. O-O {
[%csl Ga8,Ge2]} Bxe2 19. Rb1 {[%csl Gb8][%cal Gb1b8]} Qd2 {[%csl Ge3][%cal
Gd2e3]} 20. Rxb8 {[%csl Gf8,Ge3][%cal Gd2e3]} Kg7 {[%csl Gg7][%cal Gg8g7,Gf8b8,
Ga8b8]} 21. Rxf8 {[%csl Gf7,Gf1][%cal Gf8f7,Gf7f1]} Qxe3+ 22. Kh1 {[%csl Gf1]}
f5 23. Rg8+ Kh6 24. Qf8+ Kh5 {[#] Here it looked like I had two options:
sacrifice my rook for checkmate, or sacrifice my queen for checkmate. I knew
that because we were playing on DGT boards, people around the world might see
this game, so I checked my lines dozens of times to make sure I didn't
embarass myself with a bad sacrifice. When I was sure, I went for it. This is
MY BEST MOVE.} 25. Qxf5+ (25. Rxf5+ {also works, and you can try to figure out
how as a bonus exercise!}) 25... gxf5 26. Rxf5+ Kh6 ({He can't run down the
board. It's mate after} 26... Kh4 27. g3+ {[%csl Gh3][%cal Gh4h3]} Kh3 28. Rh5+
Bxh5 29. Be6+ Bg4 30. Bxg4# {[%csl Gg4,Gg8]}) 27. Rf6+ Kh5 28. Bf7+ Kh4 {
[%csl Gh6][%cal Gf6h6]} 29. g3+ {[%csl Gg3][%cal Gh4h5,Gh5g5,Gh4g4,Gh4h3]} Kh3
30. Be6+ {[%cal Ge6h3]} Bg4 31. Bxg4# {[%cal Gh3h4]} 1-0